000 00419nam a2200169Ia 4500
008 151213s9999 xx 000 0 und d
020 _a81-7534123-4
100 _aD.W.Bowett
245 _aThe Law Of International Institutions
_cD.W.Bowett
250 _a4th
260 _aNew Delhi
_bUniversal Law Publishing
_c1998
300 _a6846 p.
650 _aLaw
650 _aLaw
700 _aD.W.Bowett
999 _c3689
_d3689